000 00760cab a2200229 4500
001 WB3044-78
008 090401t1994 xxu||||| |||| 00| 0 eng d
035 _a(Sirsi) u10659
041 _aeng
245 _aNo way ahead for forestry
260 _c1994
350 _a0
490 _aRICS Press Release
_v(PR191/94Rur) 18 November 1994 (3)
520 _aA National Forestry Strategy is essential if the country`s woodlands are to fulfil their economic and environmental potential according to the RICS in a letter to the Forestry Commission.
650 _aFORESTRY COMMISSION
650 _aFORESTRY POLICY
650 _aNATIONAL FORESTRY STRATEGY
650 _aSCHEDULE D INCENTIVES
690 _aRURAL PRACTICE
942 _n0
948 _c04/03/1997
999 _c6758
_d6758